000 00296nam a22001337a 4500
008 170926b xxu||||| |||| 00| 0 eng d
020 _a9780137152421
041 _aeng
080 _29 ED
_a37
100 _a46
101 _aEDU
245 _aPRACTICAL RESEARCH
_cLEEDY.P.D
942 _2udc
_cBK
999 _c30044
_d30044